000 01963nam a2200325Ia 4500
001 ebr10128992
003 CaPaEBR
006 m u
007 cr cn|||||||||
008 050802s2005 mou sb s001 0 eng d
010 _z 2005022114
020 _z0826216153 (alk. paper)
040 _aCaPaEBR
_cCaPaEBR
035 _a(OCoLC)613374431
050 1 4 _aPN4888.I56
_bA83 2005eb
100 1 _aAucoin, James,
_d1952-
245 1 4 _aThe evolution of American investigative journalism
_h[electronic resource] /
_cJames L. Aucoin.
260 _aColumbia, Mo. :
_bUniversity of Missouri Press,
_cc2005.
300 _aix, 242 p.
504 _aIncludes bibliographical references and index.
505 0 _aThe tradition of exposure in American journalism -- The reemergence of investigative journalism, 1960-1975 -- Defining the practice, 1960-1975 -- The founding of IRE -- The Arizona project: IRE's unique contribution to American journalism -- IRE and the mainstreaming of investigative journalism -- A social practice.
520 _a"History of American investigative journalism and the founding of the Investigative Reporters and Editors (IRE). Discusses the murder of investigative reporter Don Bolles and IRE's subsequent controversial Arizona Project. Applies the social-moral development theory of Alasdair MacIntyre to explain how the IRE contributed to the evolution of American investigative journalism"--Provided by publisher.
533 _aElectronic reproduction.
_bPalo Alto, Calif. :
_cebrary,
_d2011.
_nAvailable via World Wide Web.
_nAccess may be limited to ebrary affiliated libraries.
600 1 0 _aBolles, Don.
610 2 0 _aInvestigative Reporters and Editors, Inc.
650 0 _aInvestigative reporting
_zUnited States.
655 7 _aElectronic books.
_2local
710 2 _aebrary, Inc.
856 4 0 _uhttp://site.ebrary.com/lib/rucke/Doc?id=10128992
_zAn electronic book accessible through the World Wide Web; click to view
999 _c184583
_d184583